000 00327nam a22001217a 4500
020 _a9788183211772
082 _a631.4
_bMAL/NA
100 _aMaliwal, G.L
245 _aNature, properties and management of saline and alkali soils
260 _aUdaipur
_bAgrotech Publishing academy
_c2010
700 _aSomani, L.L
942 _cBK
999 _c13987
_d13987